000 00484nam a2200205Ia 4500
008 240509s9999 xx 000 0 und d
020 _a0000435826042
041 _aEng
082 _a308
082 _bM57
100 _aMOSER, Cl.A: KALTON, Graham
245 0 _aSurvey methods in social investigation
250 _a2nd ed.
260 _bLondon , Heinemann
260 _c1971
300 _a555 p.
650 _aSocial survey : sociology
942 _2ddc
942 _cLBK
999 _c22702
_d22702
945 _a1
_bMadushi Gamage
_c1
_dMadushi Gamage